[Event "World Amateur-ch U2000"]
[Site "Cagliari"]
[Date "2018.04.23"]
[Round "2"]
[White "Al Azmi, Khalaf"]
[Black "Boorchi, Byaruuzana"]
[Result "0-1"]
[WhiteElo "1798"]
[BlackElo "1923"]
[PlyCount "114"]
[EventDate "2018.04.22"]
[EventType "swiss"]
[EventRounds "9"]
[EventCountry "ITA"]
[SourceTitle "CBM 184 Extra"]
[Source "ChessBase"]
[SourceDate "2018.06.28"]
[SourceVersion "1"]
[SourceVersionDate "2018.06.28"]
[SourceQuality "1"]

1. e4 c5 2. Nf3 Nc6 3. d4 cxd4 4. Nxd4 Nf6 5. Nc3 e6 6. Ndb5 d6 7. Bf4 e5 8. Bg5 a6 9. Bxf6 gxf6 10. Na3 Be6 11. Bc4 b5 12. Bxe6 fxe6 13. Qh5+ Kd7 14. Ne2 Qe8 15. Qh3 Qg6 16. f3 Bh6 17. c3 Rac8 18. Nc2 a5 19. Na3 Rb8 20. 0-0 Be3+ 21. Kh1 Bc5 22. Rad1 Ke7 23. Rd3 h5 24. Rfd1 h4 25. Nc2 b4 26. c4 Qh6 27. Ne3 Rbd8 28. Ng4 Qg5 29. Rf1 Rdg8 30. Nf2 Nd4 31. f4 Qh5 32. Nxd4 Bxd4 33. b3 Qe2 34. Kg1 Qxe4 35. fxe5 dxe5 36. Rfd1 Qf5 37. Qf3 Qxf3 38. Rxf3 Rh6 39. Kf1 Rhg6 40. g3 hxg3 41. hxg3 Rxg3 42. Ke2 Rxf3 43. Kxf3 Bxf2 44. Kxf2 Rd8 45. Ra1 Rd3 46. Ke2 e4 47. Rh1 Rc3 48. Rh7+ Kd6 49. Ra7 f5 50. Rxa5 f4 51. Rb5 f3+ 52. Kf2 Rc2+ 53. Kg3 Rg2+ 54. Kh3 e3 55. c5+ Kc6 56. Rxb4 e2 57. Re4 Rg1 0-1

[Event "World Amateur-ch U2000"]
[Site "Cagliari"]
[Date "2018.04.23"]
[Round "3"]
[White "Sanna, Yuri"]
[Black "Boorchi, Byaruuzana"]
[Result "0-1"]
[WhiteElo "1964"]
[BlackElo "1923"]
[PlyCount "82"]
[EventDate "2018.04.22"]
[EventType "swiss"]
[EventRounds "9"]
[EventCountry "ITA"]
[SourceTitle "CBM 184 Extra"]
[Source "ChessBase"]
[SourceDate "2018.06.28"]
[SourceVersion "1"]
[SourceVersionDate "2018.06.28"]
[SourceQuality "1"]

1. e4 c5 2. c3 e6 3. d4 d5 4. Nd2 Nc6 5. Ngf3 cxd4 6. cxd4 dxe4 7. Nxe4 Nge7 8. Bb5 Qa5+ 9. Bd2 Qc7 10. Qa4 f6 11. 0-0 Kf7 12. Bc4 Nd5 13. Qb3 Na5 14. Bxa5 Qxa5 15. Rac1 Be7 16. Rfe1 Rd8 17. Nc3 Bf8 18. Re2 Kg8 19. Rce1 Kh8 20. h3 Nf4 21. Re4 Qf5 22. g4 Nxh3+ 23. Kg2 Nf4+ 24. Kg3 Qg6 25. Kxf4 f5 26. gxf5 exf5 27. R4e2 Qg4+ 28. Ke3 f4+ 29. Kd2 Qxf3 30. Bd5 Qg4 31. Re8 Bf5 32. Rxd8 Rxd8 33. Qxb7 Bg6 34. Qc7 Qh4 35. Kd1 Qxf2 36. Re2 Qxd4+ 37. Rd2 Qg1+ 38. Ke2 Re8+ 39. Be4 Bxe4 40. Rd8 f3+ 41. Kd2 Qf2+ 0-1